Te conozco, mascarita

Gespeichert in:
Bibliographische Detailangaben
1. Verfasser: Gutiérrez, Joaquín
Format: Buch
Sprache:Undetermined
Veröffentlicht: San José, Costa Rica Universidad de Costa Rica 1985
Ausgabe:2
Schlagworte:
Tags: Tag hinzufügen
Keine Tags, Fügen Sie den ersten Tag hinzu!

MARC

LEADER 00000nam a2200000Ia 4500
008 170316s9999 xx 000 0 und d
090 |a 809 G-4t 
100 |a Gutiérrez, Joaquín 
245 |a Te conozco, mascarita 
250 |a 2 
260 |a San José, Costa Rica 
260 |b Universidad de Costa Rica 
260 |c 1985 
300 |a 80 páginas 
650 |a LITERATURA INFANTIL Y JUVENIL 
999 |c 20792  |d 20792 
040 |a cru BVZT 
942 |c 15 D  |h 809 G-4t  |2 z